000 00454nam a2200181Ia 4500
008 230711s9999||||xx |||||||||||||| ||und||
020 _a978-81-7371-605-8
041 _aENG
082 _a5.73
_bHO-D
100 _aHorowitz,Ellis
245 0 _aFundamentals of data structures in C
250 _a2nd Ed.
260 _c2008
_aNew Delhi
_bUniversities Press
300 _a617p.
650 _aComputer Engineering
700 _aSahni,Sartaj
942 _cBK
999 _c6360
_d6360